| 000 | 00000nam##2200000za#4500 |
| 001 | 9.574532 |
| 003 | CaOODSP |
| 005 | 20210624184229 |
| 007 | cr ||||||||||| |
| 008 | 150406|2006||||xxc|||||o f|0| 0 eng|d |
| 040 | |aCaOODSP|beng |
| 043 | |an-cn--- |
| 086 | 1 |aTU3-5/06-32E-PDF |
| 110 | 2 |aTransportation Safety Board of Canada. |
| 245 | 10|aFlight in weather conditions unfavourable for visual flight and collision with terrain - Aviation Mauricie/Aviation Batiscan Cessna U206F (floatplane) C-FASO, Caron Lake, Quebec, 19 October 2006 |h[electronic resource] |
| 260 | |aGatineau - Quebec : |bTransportation Safety Board of Canada |c2007. |
| 300 | |a5p. |
| 490 | 1 |aAviation investigation report |vA06Q0181 |
| 500 | |a"The Board authorized the release of this report on 18 October 2007" --p.5. |
| 590 | |a12-33-Supp|b2012-07-18 |
| 775 | 08|tVol dans des conditions météorologiques défavorables au vol à vue et collision avec le terrain du Cessna U206F sur flotteurs C-FASO, exploité par Aviation Mauricie/Aviation atiscan au Lac Caron (Québec), le 19 octobre 2006 |w(CaOODSP)9.604276 |
| 830 | #0|aAviation investigation report ;|vA06Q0181|w(CaOODSP)9.504825 |
| 856 | 40|ahttp://publications.gc.ca|qPDF|s131 KB|uhttps://publications.gc.ca/collections/collection_2012/bst-tsb/TU3-5-06-32-eng.pdf|yA06Q0181 |